Najdrożsi piłkarze z Afryki - Statystyki

Ogólne statystyki
  • Ten quiz został rozwiązany 105 razy
    39 od ostatniego zresetowania
  • Średni wynik to 4 z 10
Statystyki odpowiedzi
Wartość Narodowość Piłkarz % Poprawnych
55 MLN Egipt Mohamed Salah
100%
65 MLN Maroko Achraf Hakimi
92%
70 MLN Nigeria Victor Osimhen
68%
75 MLN Egipt Omar Marmoush
63%
45 MLN Maroko Brahim Díaz
24%
60 MLN Nigeria Ademola Lookman
21%
50 MLN Ghana Mohammed Kudus
16%
45 MLN Nigeria Victor Boniface
13%
50 MLN Kamerun Bryan Mbeumo
3%
55 MLN Senegal Nicolas Jackson
0%
Nie znaleziono quizów pasujących do podanych kryteriów
Rozkład punktacji
Procent ludzi z każdym wynikiem
Percentyl według liczby udzielonych odpowiedzi
Twoja historia wyników
Nie rozwiązałeś tego quizu od ostatniego zresetowania